Managerial Economics (Record no. 6739)

MARC details
005 - DATE AND TIME OF LATEST TRANSACTION
control field 20250716144211.0
020 ## - INTERNATIONAL STANDARD BOOK NUMBER
International Standard Book Number 978-81-259-2347-3
082 ## - DEWEY DECIMAL CLASSIFICATION NUMBER
Classification number 331.714 DWI
100 ## - MAIN ENTRY--PERSONAL NAME
Author name DWIVEDI, N. D
245 ## - TITLE STATEMENT
Title Managerial Economics
250 ## - EDITION STATEMENT
Edition statement 7th Ed.
260 ## - PUBLICATION, DISTRIBUTION, ETC.
Place of publication, distribution, etc. New Delhi
Name of publisher, distributor, etc. Vikas Publishing House PVT Ltd
Date of publication, distribution, etc. 2015.
300 ## - PHYSICAL DESCRIPTION
Extent xxiv, 704p.: ill.; figures
Other physical details Index
Dimensions 24cm
942 ## - ADDED ENTRY ELEMENTS (KOHA)
Source of classification or shelving scheme Dewey Decimal Classification
Koha item type Books
Holdings
Date last seen Total checkouts Full call number Barcode Cost, replacement price Price effective from Koha item type Lost status Source of classification or shelving scheme Damaged status Not for loan Withdrawn status Home library Current library Shelving location Date acquired Source of acquisition Cost, normal purchase price
07/16/2025   331.714 DWI MZA0003208 150000.00 07/16/2025 Books   Dewey Decimal Classification       CBE Mwanza CBE Mwanza General Collection 06/27/2025 NBAA Donation 50000.00
07/16/2025   331.714 DWI MZA0003209 150000.00 07/16/2025 Books   Dewey Decimal Classification       CBE Mwanza CBE Mwanza General Collection 06/27/2025 NBAA Donation 50000.00
07/16/2025   331.714 DWI MZA0003210 150000.00 07/16/2025 Books   Dewey Decimal Classification       CBE Mwanza CBE Mwanza General Collection 06/27/2025 NBAA Donation 50000.00
07/16/2025   331.714 DWI MZA0003211 150000.00 07/16/2025 Books   Dewey Decimal Classification       CBE Mwanza CBE Mwanza General Collection 06/27/2025 NBAA Donation 50000.00
07/16/2025   331.714 DWI MZA0003212 150000.00 07/16/2025 Books   Dewey Decimal Classification       CBE Mwanza CBE Mwanza General Collection 06/27/2025 NBAA Donation 50000.00